| 000 | 00777nam a2200205 a 4500 | ||
|---|---|---|---|
| 003 | 0 | ||
| 005 | 20250210110610.0 | ||
| 008 | 130129s19uu xx 00 eng d | ||
| 050 |
_aPHS QK 865 _b.Al411 2012 |
||
| 100 | _aAliño, Maria Katrina Angelica D.C. | ||
| 245 |
_aEthanol content of Psidium guajava and Psidium littorale / _cMaria Katrina Angelica D.C. Aliño. |
||
| 260 |
_aLas Piñas City, Philippines : _bSouthville International School and Colleges, _c2012. |
||
| 300 |
_a24 pages : _billustrations ; _c28 cm. |
||
| 504 | _aIncludes bibliographical references. | ||
| 650 |
_aEthanol _xAnalysis. |
||
| 650 |
_aPsidium guajava _xChemical composition. |
||
| 650 |
_aPsidium littorale _xChemical composition. |
||
| 650 |
_aBioethanol _xPlant sources. |
||
| 942 |
_2lcc _cPASS |
||
| 999 |
_c98882 _d98882 |
||